Statistics for Official Languages of India

Click here to take the quiz!

General Stats

  • This quiz has been taken 23 times
  • The average score is 12 of 22

Answer Stats

Language% Correct
Hindi
100%
Tamil
95%
Bengali
91%
Punjabi
86%
Gujarati
77%
Telugu
77%
Urdu
77%
Kannada
59%
Malayalam
59%
Marathi
59%
Nepali
59%
Odia
59%
Assamese
55%
Kashmiri
55%
Sanskrit
41%
Sindhi
32%
Konkani
23%
Maithili
18%
Manipuri
18%
Bodo
9%
Dogri
9%
Santali
9%

Score Distribution

Percentile by Number Answered

Percent of People with Each Score

Your Score History

You have not taken this quiz